000 01308cam a2200217 4500
001 ABS66164
008 021120n2002 000 0 eng u
035 _a(Sirsi) u120533
100 _aMadine, V.
245 _aHappy together
260 _c2002
490 _aHousing Today
_v 7 November 2002, 22-24(3)
520 _aReports on the attempts by coucils and housing associations to integrate their different departments to provide a better service to the public. East Riding Council is an example of this new cooperation as it has increased the number of housing repairs completed within government time limits from 53% to 95% during the past three years. Warns that linking up services at local levels can have its disadvantages as the experiences of London councils such as Islington and Tower Hamlets show. Here in the 1980s the housing services were decentralised and too many resources were duplicated. The differing approaches from the councils illustrate that there is no such thing as a model structure for all local authorities as this will depend on their particular size and location.
590 _aABS
650 _aLOCAL COUNCILS
650 _aLOCAL AUTHORITIES
650 _aHOUSING ASSOCIATION
650 _aLOCAL GOVERNMENT ASSOCIATION
690 _aLOCAL GOVERNMENT
942 _n0
999 _c71610
_d71610